000 00647nam a2200229Ia 4500
003 OSt
005 20220928115744.0
006 a|||||r|||| 00| 0
007 ta
008 220927b |||||||| |||| 00| 0 eng d
024 _a94187
037 _cTextual
040 _aSDCL
_cSDCL
_beng
041 _2eng
_aeng
082 _aX9.50aY, L1
100 _aRimlinger Gaston V
_9445933
245 0 _aWelfare policy and industrialization in Europe, America,and Russia
260 _aNew York
_b John Wiley & Sons
_c1971
300 _axi,362p
_ccm.
942 _hX9.50aY, L1
_cTEXL
_2CC
999 _c760795
_d760795